| 000 | 00672cam a2200169ua 4500 | ||
|---|---|---|---|
| 020 | _c4.00 | ||
| 041 |
_aeng _h |
||
| 082 |
_a321.4 _bMIN/TH |
||
| 110 | 1 |
_aMinistry of community development . _b _c() |
|
| 245 |
_aThree pillars of democracy / _cMinistry of community development. _hTextual Documents |
||
| 260 |
_aNewdelhi : _bGovernnment of india . |
||
| 300 | _a56 ; . | ||
| 365 | _a4.00 | ||
| 504 | _a | ||
| 942 | _cBK | ||
| 999 |
_c2528 _d2528 |
||